[Event "Benidorm Satellite preliminary"]
[Site "playchess.com #007036"]
[Date "2009.10.24"]
[Round "6"]
[White "MichelS"]
[Black "Paradoks10"]
[Result "1-0"]
[WhiteElo "1799"]
[BlackElo "1649"]
[PlyCount "87"]
[EventDate "2009.10.24"]
[EventType "swiss (blitz)"]

1. d4 {[%emt 0:00:06]} Nf6 {[%emt 0:00:04]} 2. c4 {[%emt 0:00:01]} g6 {[%emt 0:
00:05]} 3. Nc3 {[%emt 0:00:04]} d6 {[%emt 0:00:01]} 4. e4 {[%emt 0:00:01]} Bg7
{[%emt 0:00:02]} 5. Nf3 {[%emt 0:00:00]} O-O {[%emt 0:00:02]} 6. Be2 {[%emt 0:
00:00]} c6 {[%emt 0:00:02]} 7. O-O {[%emt 0:00:01]} Nbd7 {[%emt 0:00:04]} 8.
Re1 {[%emt 0:00:04]} e5 {[%emt 0:00:02]} 9. h3 {[%emt 0:00:09]} Ne8 {[%emt 0:
00:07]} 10. d5 {[%emt 0:00:03]} c5 {[%emt 0:00:03]} 11. Rb1 {[%emt 0:00:03]} f5
{[%emt 0:00:02]} 12. Ng5 {[%emt 0:00:02]} Ndf6 {[%emt 0:00:03]} 13. Bf3 {[%emt
0:00:03]} h6 {[%emt 0:00:05]} 14. Ne6 {[%emt 0:00:02]} Bxe6 {[%emt 0:00:02]}
15. dxe6 {[%emt 0:00:01]} Qe7 {[%emt 0:00:04]} 16. exf5 {[%emt 0:00:01]} gxf5 {
[%emt 0:00:03]} 17. Bd5 {[%emt 0:00:25]} Rb8 {[%emt 0:00:08]} 18. b4 {[%emt 0:
00:03]} cxb4 {[%emt 0:00:07]} 19. Rxb4 {[%emt 0:00:03]} b6 {[%emt 0:00:03]} 20.
Nb5 {[%emt 0:00:13]} a6 {[%emt 0:00:12]} 21. Nc3 {[%emt 0:00:11]} Nc7 {[%emt 0:
00:05]} 22. Qb3 {[%emt 0:00:11]} b5 {[%emt 0:00:20]} 23. cxb5 {[%emt 0:00:04]}
Ncxd5 {[%emt 0:00:05]} 24. Nxd5 {[%emt 0:00:02]} Nxd5 {[%emt 0:00:03]} 25. Qxd5
{[%emt 0:00:01]} axb5 {[%emt 0:00:02]} 26. Ba3 {[%emt 0:00:09]} Rf6 {[%emt 0:
00:06]} 27. Rxb5 {[%emt 0:00:07]} Rxb5 {[%emt 0:00:03]} 28. Qxb5 {[%emt 0:00:
04]} Rxe6 {[%emt 0:00:02]} 29. Qd5 {[%emt 0:00:02]} Kh7 {[%emt 0:00:05]} 30.
Rb1 {[%emt 0:00:01]} Rg6 {[%emt 0:00:06]} 31. Rb8 {[%emt 0:00:06]} Bf8 {[%emt
0:00:07]} 32. Rb7 {[%emt 0:00:04]} f4 {[%emt 0:00:06]} 33. Rxe7+ {[%emt 0:00:
02]} Bxe7 {[%emt 0:00:01]} 34. f3 {[%emt 0:00:02]} h5 {[%emt 0:00:02]} 35. Qf7+
{[%emt 0:00:04]} Rg7 {[%emt 0:00:02]} 36. Qxh5+ {[%emt 0:00:01]} Kg8 {[%emt 0:
00:02]} 37. Qe8+ {[%emt 0:00:03]} Kh7 {[%emt 0:00:02] Paradoks10 offers a draw}
38. Qc6 {[%emt 0:00:11]} Rg6 {[%emt 0:00:08]} 39. Qd7 {[%emt 0:00:04]} Rg7 {
[%emt 0:00:08]} 40. Bxd6 {[%emt 0:00:03]} Bh4 {[%emt 0:00:04]} 41. Qf5+ {[%emt
0:00:03]} Kg8 {[%emt 0:00:03]} 42. Bxe5 {[%emt 0:00:06]} Rb7 {[%emt 0:00:06]}
43. Qg4+ {[%emt 0:00:01]} Kf8 {[%emt 0:00:02]} 44. Qxh4 {[%emt 0:00:01]
Paradoks10 resigns} 1-0

[Event "Benidorm Satellite preliminary"]
[Site "playchess.com #007036"]
[Date "2009.10.24"]
[Round "6"]
[White "Heinz53"]
[Black "Rashid"]
[Result "1-0"]
[WhiteElo "1689"]
[BlackElo "2140"]
[PlyCount "65"]
[EventDate "2009.10.24"]
[EventType "swiss (blitz)"]

1. e4 {[%emt 0:00:04]} e5 {[%emt 0:00:02]} 2. d4 {[%emt 0:00:00]} Nc6 {[%emt 0:
00:02]} 3. Nf3 {[%emt 0:00:02]} exd4 {[%emt 0:00:02]} 4. c3 {[%emt 0:00:00]} d5
{[%emt 0:00:02]} 5. exd5 {[%emt 0:00:04]} Qxd5 {[%emt 0:00:00]} 6. cxd4 {[%emt
0:00:01]} Nf6 {[%emt 0:00:06]} 7. Be2 {[%emt 0:00:01]} Bb4+ {[%emt 0:00:02]} 8.
Nc3 {[%emt 0:00:01]} Ne4 {[%emt 0:00:02]} 9. Bd2 {[%emt 0:00:09]} Bxc3 {[%emt
0:00:13]} 10. bxc3 {[%emt 0:00:03]} Nxd2 {[%emt 0:00:06]} 11. Qxd2 {[%emt 0:00:
01]} O-O {[%emt 0:00:08]} 12. O-O {[%emt 0:00:01]} Bg4 {[%emt 0:00:03]} 13. h3
{[%emt 0:00:01]} Bxf3 {[%emt 0:00:06]} 14. Bxf3 {[%emt 0:00:01]} Qc4 {[%emt 0:
00:05]} 15. Rab1 {[%emt 0:00:11]} Rab8 {[%emt 0:00:25]} 16. Be2 {[%emt 0:00:05]
} Qd5 {[%emt 0:00:07]} 17. Bf3 {[%emt 0:00:01]} Qd7 {[%emt 0:00:04]} 18. Qf4 {
[%emt 0:00:20]} Na5 {[%emt 0:00:10]} 19. Rfc1 {[%emt 0:00:14]} b5 {[%emt 0:00:
08]} 20. Qg5 {[%emt 0:00:36]} Nc4 {[%emt 0:00:07]} 21. Be2 {[%emt 0:00:04]} h6
{[%emt 0:00:12]} 22. Qc5 {[%emt 0:00:05]} Nd6 {[%emt 0:00:29]} 23. Qxa7 {[%emt
0:00:14]} Ra8 {[%emt 0:00:09]} 24. Qc5 {[%emt 0:00:03]} Rxa2 {[%emt 0:00:01]}
25. Bxb5 {[%emt 0:00:02]} Nxb5 {[%emt 0:00:08]} 26. Rxb5 {[%emt 0:00:01]} Re8 {
[%emt 0:00:23]} 27. Rb7 {[%emt 0:00:11]} Ree2 {[%emt 0:00:08]} 28. Rf1 {[%emt
0:00:02]} Qe6 {[%emt 0:00:18]} 29. Rxc7 {[%emt 0:00:16] .} Rxf2 {[%emt 0:00:12]
} 30. Rc8+ {[%emt 0:00:12]} Kh7 {[%emt 0:00:01]} 31. Rxf2 {[%emt 0:00:11]} Qe3
{[%emt 0:00:02]} 32. Qf5+ {[%emt 0:00:04]} g6 {[%emt 0:00:01]} 33. Qxf7# {
[%emt 0:00:01]} 1-0

[Event "Benidorm Satellite preliminary"]
[Site "playchess.com #007036"]
[Date "2009.10.24"]
[Round "6"]
[White "FlorianKull"]
[Black "Džundi"]
[Result "0-1"]
[WhiteElo "2033"]
[BlackElo "2620"]
[PlyCount "84"]
[EventDate "2009.10.24"]
[EventType "swiss (blitz)"]

1. Nf3 {[%emt 0:00:30]} d5 {[%emt 0:00:05]} 2. c4 {[%emt 0:00:03]} c6 {[%emt 0:
00:01]} 3. d4 {[%emt 0:00:02]} Nf6 {[%emt 0:00:01]} 4. e3 {[%emt 0:00:02]} g6 {
[%emt 0:00:01]} 5. Nc3 {[%emt 0:00:02]} Bg7 {[%emt 0:00:01]} 6. Qb3 {[%emt 0:
00:01]} O-O {[%emt 0:00:01]} 7. Be2 {[%emt 0:00:02]} dxc4 {[%emt 0:00:04]} 8.
Bxc4 {[%emt 0:00:07]} b5 {[%emt 0:00:02]} 9. Be2 {[%emt 0:00:02]} Be6 {[%emt 0:
00:01]} 10. Qc2 {[%emt 0:00:06]} a6 {[%emt 0:00:01]} 11. O-O {[%emt 0:00:02]}
Qb6 {[%emt 0:00:01]} 12. Bd2 {[%emt 0:00:04]} Rc8 {[%emt 0:00:02]} 13. b4 {
[%emt 0:00:02]} a5 {[%emt 0:00:02]} 14. a3 {[%emt 0:00:02]} axb4 {[%emt 0:00:
03]} 15. axb4 {[%emt 0:00:01]} Rxa1 {[%emt 0:00:01]} 16. Rxa1 {[%emt 0:00:02]}
Na6 {[%emt 0:00:01]} 17. Ne4 {[%emt 0:00:11]} Nxe4 {[%emt 0:00:21]} 18. Qxe4 {
[%emt 0:00:02]} Bd5 {[%emt 0:00:02]} 19. Qc2 {[%emt 0:00:12]} Bxf3 {[%emt 0:00:
23]} 20. Bxf3 {[%emt 0:00:02]} e5 {[%emt 0:00:00]} 21. dxe5 {[%emt 0:00:13]}
Bxe5 {[%emt 0:00:01]} 22. Rb1 {[%emt 0:00:19]} c5 {[%emt 0:00:02]} 23. bxc5 {
[%emt 0:00:17]} Rxc5 {[%emt 0:00:01]} 24. Qd3 {[%emt 0:00:01]} Kg7 {[%emt 0:00:
33]} 25. g3 {[%emt 0:00:01]} h5 {[%emt 0:00:02]} 26. Rc1 {[%emt 0:00:11]} Rxc1+
{[%emt 0:00:02]} 27. Bxc1 {[%emt 0:00:01]} Qc5 {[%emt 0:00:02]} 28. Qb1 {[%emt
0:00:15]} b4 {[%emt 0:00:02]} 29. Bb2 {[%emt 0:00:03]} Bxb2 {[%emt 0:00:02]}
30. Qxb2+ {[%emt 0:00:01]} Qc3 {[%emt 0:00:00]} 31. Qa2 {[%emt 0:00:18]} Nc5 {
[%emt 0:00:01]} 32. Qb1 {[%emt 0:00:31]} b3 {[%emt 0:00:03]} 33. Bd1 {[%emt 0:
00:03]} b2 {[%emt 0:00:03]} 34. Bc2 {[%emt 0:00:02]} Nb3 {[%emt 0:00:03]} 35.
Bxb3 {[%emt 0:00:04]} Qxb3 {[%emt 0:00:01]} 36. Kg2 {[%emt 0:00:03]} Qc3 {
[%emt 0:00:02]} 37. h4 {[%emt 0:00:11]} Qc6+ {[%emt 0:00:03]} 38. f3 {[%emt 0:
00:02]} Qc1 {[%emt 0:00:04]} 39. Qe4 {[%emt 0:00:02]} b1=Q {[%emt 0:00:03]} 40.
Qe5+ {[%emt 0:00:00]} Kh7 {[%emt 0:00:02]} 41. Qf6 {[%emt 0:00:01]} Qg1+ {
[%emt 0:00:04]} 42. Kh3 {[%emt 0:00:02]} Qh1# {[%emt 0:00:01]} 0-1

[Event "Benidorm Satellite preliminary"]
[Site "playchess.com #007036"]
[Date "2009.10.24"]
[Round "6"]
[White "Schachkanone2"]
[Black "Bobby Short"]
[Result "1/2-1/2"]
[WhiteElo "1431"]
[BlackElo "1379"]
[PlyCount "136"]
[EventDate "2009.10.24"]
[EventType "swiss (blitz)"]

1. e4 {[%emt 0:00:01]} c5 {[%emt 0:00:02]} 2. Nf3 {[%emt 0:00:01]} d6 {[%emt 0:
00:01]} 3. d4 {[%emt 0:00:01]} cxd4 {[%emt 0:00:01]} 4. Nxd4 {[%emt 0:00:01]}
Nf6 {[%emt 0:00:01]} 5. Nc3 {[%emt 0:00:02]} Nc6 {[%emt 0:00:01]} 6. Bc4 {
[%emt 0:00:03]} Bd7 {[%emt 0:00:04]} 7. O-O {[%emt 0:00:01]} Ne5 {[%emt 0:00:
03]} 8. Bb3 {[%emt 0:00:03]} g6 {[%emt 0:00:07]} 9. f4 {[%emt 0:00:02]} Nc6 {
[%emt 0:00:09]} 10. Nxc6 {[%emt 0:00:02]} Bxc6 {[%emt 0:00:02]} 11. e5 {[%emt
0:00:01]} Qb6+ {[%emt 0:00:03]} 12. Kh1 {[%emt 0:00:04]} dxe5 {[%emt 0:00:01]}
13. fxe5 {[%emt 0:00:02]} Ne4 {[%emt 0:00:10]} 14. Nxe4 {[%emt 0:00:02]} Bxe4 {
[%emt 0:00:03]} 15. Ba4+ {[%emt 0:00:13]} Bc6 {[%emt 0:00:06]} 16. Bxc6+ {
[%emt 0:00:06]} Qxc6 {[%emt 0:00:05]} 17. Qf3 {[%emt 0:00:10]} Qxf3 {[%emt 0:
00:06]} 18. Rxf3 {[%emt 0:00:02]} e6 {[%emt 0:00:01]} 19. Bg5 {[%emt 0:00:09]}
Bg7 {[%emt 0:00:00]} 20. Bf6 {[%emt 0:00:02]} O-O {[%emt 0:00:00]} 21. Rd1 {
[%emt 0:00:04]} Rac8 {[%emt 0:00:07]} 22. c3 {[%emt 0:00:06]} a6 {[%emt 0:00:
03]} 23. Rd7 {[%emt 0:00:03]} b5 {[%emt 0:00:04]} 24. Bxg7 {[%emt 0:00:02]}
Kxg7 {[%emt 0:00:04]} 25. Rfd3 {[%emt 0:00:04]} Rc6 {[%emt 0:00:04]} 26. R7d6 {
[%emt 0:00:05]} Rfc8 {[%emt 0:00:04]} 27. Rxc6 {[%emt 0:00:02]} Rxc6 {[%emt 0:
00:02]} 28. Rd6 {[%emt 0:00:03]} Rc5 {[%emt 0:00:02]} 29. Rxa6 {[%emt 0:00:04]}
Rxe5 {[%emt 0:00:01]} 30. Kg1 {[%emt 0:00:03]} Re2 {[%emt 0:00:02]} 31. b3 {
[%emt 0:00:06]} Re4 {[%emt 0:00:03]} 32. Rb6 {[%emt 0:00:02]} Re5 {[%emt 0:00:
03]} 33. a4 {[%emt 0:00:02]} bxa4 {[%emt 0:00:02]} 34. bxa4 {[%emt 0:00:01]}
Ra5 {[%emt 0:00:01]} 35. Rb4 {[%emt 0:00:04]} e5 {[%emt 0:00:03]} 36. Kf2 {
[%emt 0:00:01]} Kf6 {[%emt 0:00:01]} 37. Ke3 {[%emt 0:00:01]} Kf5 {[%emt 0:00:
01]} 38. h3 {[%emt 0:00:04]} h5 {[%emt 0:00:02]} 39. Kf3 {[%emt 0:00:03]} g5 {
[%emt 0:00:02]} 40. g4+ {[%emt 0:00:01]} hxg4+ {[%emt 0:00:02]} 41. hxg4+ {
[%emt 0:00:01]} Kf6 {[%emt 0:00:06]} 42. Ke4 {[%emt 0:00:01]} Kg6 {[%emt 0:00:
04]} 43. c4 {[%emt 0:00:05]} f6 {[%emt 0:00:01]} 44. Kd3 {[%emt 0:00:15]} Kf7 {
[%emt 0:00:00]} 45. Kc3 {[%emt 0:00:03]} Ke6 {[%emt 0:00:02]} 46. Kb3 {[%emt 0:
00:01]} e4 {[%emt 0:00:02]} 47. Rb6+ {[%emt 0:00:02]} Ke5 {[%emt 0:00:02]} 48.
Kb4 {[%emt 0:00:02]} Ra8 {[%emt 0:00:04]} 49. c5 {[%emt 0:00:05]} e3 {[%emt 0:
00:01]} 50. Kc3 {[%emt 0:00:09]} Rxa4 {[%emt 0:00:05]} 51. Kd3 {[%emt 0:00:01]}
Ra3+ {[%emt 0:00:03]} 52. Ke2 {[%emt 0:00:01]} Kf4 {[%emt 0:00:02]} 53. c6 {
[%emt 0:00:02]} Rc3 {[%emt 0:00:02]} 54. Rb4+ {[%emt 0:00:02]} Ke5 {[%emt 0:00:
05]} 55. Rb6 {[%emt 0:00:07]} f5 {[%emt 0:00:08]} 56. gxf5 {[%emt 0:00:01]}
Kxf5 {[%emt 0:00:01]} 57. c7 {[%emt 0:00:07]} Rxc7 {[%emt 0:00:02]} 58. Kxe3 {
[%emt 0:00:01]} Re7+ {[%emt 0:00:02]} 59. Kf3 {[%emt 0:00:02]} g4+ {[%emt 0:00:
01]} 60. Kf2 {[%emt 0:00:01]} Re4 {[%emt 0:00:02]} 61. Rb5+ {[%emt 0:00:02]}
Kf4 {[%emt 0:00:01]} 62. Rb8 {[%emt 0:00:02]} g3+ {[%emt 0:00:02]} 63. Kf1 {
[%emt 0:00:02]} Kf3 {[%emt 0:00:02]} 64. Rf8+ {[%emt 0:00:01]} Rf4 {[%emt 0:00:
01]} 65. Rxf4+ {[%emt 0:00:12]} Kxf4 {[%emt 0:00:02]} 66. Kg1 {[%emt 0:00:04]}
Kf3 {[%emt 0:00:01]} 67. Kf1 {[%emt 0:00:01]} g2+ {[%emt 0:00:02]} 68. Kg1 {
[%emt 0:00:01]} Kg3 {[%emt 0:00:08]} 1/2-1/2

[Event "Benidorm Satellite preliminary"]
[Site "playchess.com #007036"]
[Date "2009.10.24"]
[Round "6"]
[White "KVR"]
[Black "Lagano"]
[Result "1-0"]
[WhiteElo "2532"]
[BlackElo "1996"]
[PlyCount "79"]
[EventDate "2009.10.24"]
[EventType "swiss (blitz)"]

1. e4 {[%emt 0:00:02]} e6 {[%emt 0:00:01]} 2. d3 {[%emt 0:00:01]} d5 {[%emt 0:
00:02]} 3. Nd2 {[%emt 0:00:01]} Ne7 {[%emt 0:00:03]} 4. Ngf3 {[%emt 0:00:01]}
c5 {[%emt 0:00:01]} 5. g3 {[%emt 0:00:01]} Nbc6 {[%emt 0:00:01]} 6. Bg2 {[%emt
0:00:01]} Ng6 {[%emt 0:00:03]} 7. O-O {[%emt 0:00:01]} Be7 {[%emt 0:00:01]} 8.
c3 {[%emt 0:00:10]} O-O {[%emt 0:00:01]} 9. Re1 {[%emt 0:00:01]} Bf6 {[%emt 0:
00:14]} 10. h4 {[%emt 0:00:03]} h6 {[%emt 0:00:02]} 11. h5 {[%emt 0:00:02]}
Nge5 {[%emt 0:00:03]} 12. Nxe5 {[%emt 0:00:04]} Nxe5 {[%emt 0:00:03]} 13. Nf3 {
[%emt 0:00:04]} Nxf3+ {[%emt 0:00:02]} 14. Qxf3 {[%emt 0:00:03]} d4 {[%emt 0:
00:12]} 15. e5 {[%emt 0:00:03]} Be7 {[%emt 0:00:02]} 16. cxd4 {[%emt 0:00:05]}
cxd4 {[%emt 0:00:09]} 17. Re4 {[%emt 0:00:03]} Rb8 {[%emt 0:00:03]} 18. Rg4 {
[%emt 0:00:03]} Kh8 {[%emt 0:00:03]} 19. Qf4 {[%emt 0:00:14]} b6 {[%emt 0:00:
29]} 20. Qxd4 {[%emt 0:00:22]} Ba6 {[%emt 0:00:02]} 21. Qa4 {[%emt 0:00:15]}
Qxd3 {[%emt 0:00:21]} 22. Bxh6 {[%emt 0:00:05]} gxh6 {[%emt 0:00:29]} 23. Bf1 {
[%emt 0:00:03]} Qf5 {[%emt 0:00:21]} 24. Bxa6 {[%emt 0:00:08]} Bc5 {[%emt 0:00:
02]} 25. Qf4 {[%emt 0:00:07]} Qxf4 {[%emt 0:00:05]} 26. Rxf4 {[%emt 0:00:00]}
Rbd8 {[%emt 0:00:06]} 27. b4 {[%emt 0:00:04]} Bd4 {[%emt 0:00:05]} 28. Re1 {
[%emt 0:00:03]} Rd5 {[%emt 0:00:04]} 29. Rfe4 {[%emt 0:00:07]} Rfd8 {[%emt 0:
00:12]} 30. Kg2 {[%emt 0:00:07]} Bc3 {[%emt 0:00:06]} 31. R1e3 {[%emt 0:00:08]}
Rd4 {[%emt 0:00:17]} 32. Rxd4 {[%emt 0:00:01]} Bxd4 {[%emt 0:00:01]} 33. Rd3 {
[%emt 0:00:01]} Kg7 {[%emt 0:00:03]} 34. Kf3 {[%emt 0:00:07]} f6 {[%emt 0:00:
01]} 35. exf6+ {[%emt 0:00:04]} Kxf6 {[%emt 0:00:01]} 36. Ke4 {[%emt 0:00:01]}
e5 {[%emt 0:00:00]} 37. f4 {[%emt 0:00:02]} Rg8 {[%emt 0:00:04]} 38. fxe5+ {
[%emt 0:00:06]} Bxe5 {[%emt 0:00:01]} 39. Rf3+ {[%emt 0:00:01]} Ke6 {[%emt 0:
00:02]} 40. Bc4+ {[%emt 0:00:02] Lagano resigns} 1-0

[Event "Benidorm Satellite preliminary"]
[Site "playchess.com #007036"]
[Date "2009.10.24"]
[Round "6"]
[White "Marx"]
[Black "Casellina"]
[Result "0-1"]
[WhiteElo "1305"]
[BlackElo "1540"]
[PlyCount "60"]
[EventDate "2009.10.24"]
[EventType "swiss (blitz)"]

1. e4 {[%emt 0:00:06]} e5 {[%emt 0:00:01]} 2. Nf3 {[%emt 0:00:01]} Nc6 {[%emt
0:00:01]} 3. Bb5 {[%emt 0:00:02]} a6 {[%emt 0:00:01]} 4. Ba4 {[%emt 0:00:01]}
Nf6 {[%emt 0:00:01]} 5. O-O {[%emt 0:00:01]} Be7 {[%emt 0:00:02]} 6. Re1 {
[%emt 0:00:01]} b5 {[%emt 0:00:01]} 7. Bb3 {[%emt 0:00:01]} O-O {[%emt 0:00:01]
} 8. a4 {[%emt 0:00:01]} Bb7 {[%emt 0:00:03]} 9. axb5 {[%emt 0:00:01]} axb5 {
[%emt 0:00:01]} 10. Rxa8 {[%emt 0:00:01]} Qxa8 {[%emt 0:00:05]} 11. c3 {[%emt
0:00:01]} d6 {[%emt 0:00:04]} 12. Bc2 {[%emt 0:00:05]} h6 {[%emt 0:00:06]} 13.
d4 {[%emt 0:00:01]} Rd8 {[%emt 0:00:13]} 14. d5 {[%emt 0:00:18]} Nb8 {[%emt 0:
00:02]} 15. Nh4 {[%emt 0:00:28]} c6 {[%emt 0:00:14]} 16. Nf5 {[%emt 0:00:02]}
Bf8 {[%emt 0:00:01]} 17. Bb3 {[%emt 0:00:19]} cxd5 {[%emt 0:00:06]} 18. exd5 {
[%emt 0:00:07]} Bxd5 {[%emt 0:00:24]} 19. Na3 {[%emt 0:00:16]} Bxg2 {[%emt 0:
00:15]} 20. Nxb5 {[%emt 0:00:08]} Bh3 {[%emt 0:00:03]} 21. Nh4 {[%emt 0:00:27]}
g5 {[%emt 0:00:33]} 22. Nf3 {[%emt 0:00:16]} Bg4 {[%emt 0:00:15]} 23. Re3 {
[%emt 0:00:05]} e4 {[%emt 0:00:08]} 24. Nfd4 {[%emt 0:00:05]} Bxd1 {[%emt 0:00:
05]} 25. Bxd1 {[%emt 0:00:04]} Bg7 {[%emt 0:00:14]} 26. Nf5 {[%emt 0:00:07]}
Nbd7 {[%emt 0:00:34]} 27. Nbxd6 {[%emt 0:00:12] Marx offers a draw} Ne5 {[%emt
0:00:11]} 28. Ne7+ {[%emt 0:00:08]} Kf8 {[%emt 0:00:02]} 29. Bb3 {[%emt 0:00:
00]} Rxd6 {[%emt 0:00:02]} 30. h4 {[%emt 0:00:07]} Kxe7 {[%emt 0:00:01] Marx
resigns} 0-1

[Event "Benidorm Satellite preliminary"]
[Site "playchess.com #007036"]
[Date "2009.10.24"]
[Round "6"]
[White "Chanwxt"]
[Black "Wethalon"]
[Result "0-1"]
[WhiteElo "2831"]
[BlackElo "2443"]
[PlyCount "72"]
[EventDate "2009.10.24"]
[EventType "swiss (blitz)"]

1. e4 {[%emt 0:00:00]} c5 {[%emt 0:00:01]} 2. Nf3 {[%emt 0:00:01]} e6 {[%emt 0:
00:01]} 3. c3 {[%emt 0:00:02]} d5 {[%emt 0:00:02]} 4. exd5 {[%emt 0:00:00]}
Qxd5 {[%emt 0:00:01]} 5. d4 {[%emt 0:00:00]} Nf6 {[%emt 0:00:01]} 6. Be3 {
[%emt 0:00:01]} cxd4 {[%emt 0:00:03]} 7. cxd4 {[%emt 0:00:00]} Nc6 {[%emt 0:00:
02]} 8. Nc3 {[%emt 0:00:02]} Qa5 {[%emt 0:00:02]} 9. Bd3 {[%emt 0:00:02]} Bb4 {
[%emt 0:00:05]} 10. Bd2 {[%emt 0:00:15]} O-O {[%emt 0:00:04]} 11. O-O {[%emt 0:
00:01]} Rd8 {[%emt 0:00:02]} 12. a3 {[%emt 0:00:03]} Be7 {[%emt 0:00:03]} 13.
Ne4 {[%emt 0:00:23]} Qh5 {[%emt 0:00:15]} 14. Ng3 {[%emt 0:00:02]} Qd5 {[%emt
0:00:05]} 15. Bc3 {[%emt 0:00:01]} b6 {[%emt 0:00:07]} 16. Qe2 {[%emt 0:00:06]}
Bb7 {[%emt 0:00:02]} 17. Rad1 {[%emt 0:00:01]} Rac8 {[%emt 0:00:05]} 18. Bc4 {
[%emt 0:00:04]} Qd7 {[%emt 0:00:05]} 19. Rfe1 {[%emt 0:00:07]} Qc7 {[%emt 0:00:
16]} 20. Ba2 {[%emt 0:00:22]} Nd5 {[%emt 0:00:08]} 21. Bd2 {[%emt 0:00:16]} g6
{[%emt 0:00:12]} 22. Bh6 {[%emt 0:00:08]} Bf6 {[%emt 0:00:01]} 23. Ne4 {[%emt
0:00:02]} Bg7 {[%emt 0:00:02]} 24. Bxg7 {[%emt 0:00:01]} Kxg7 {[%emt 0:00:01]}
25. Bxd5 {[%emt 0:00:10]} Rxd5 {[%emt 0:00:05]} 26. Nc3 {[%emt 0:00:04]} Rf5 {
[%emt 0:00:03]} 27. d5 {[%emt 0:00:17]} exd5 {[%emt 0:00:42]} 28. Nxd5 {[%emt
0:00:34]} Nd4 {[%emt 0:00:22]} 29. Rxd4 {[%emt 0:00:21]} Bxd5 {[%emt 0:00:04]}
30. Nh4 {[%emt 0:00:03]} Rh5 {[%emt 0:00:09]} 31. Qxh5 {[%emt 0:00:13]} gxh5 {
[%emt 0:00:03]} 32. Rxd5 {[%emt 0:00:01]} Qc1 {[%emt 0:00:06]} 33. Rde5 {[%emt
0:00:05]} Qxb2 {[%emt 0:00:03]} 34. Nf5+ {[%emt 0:00:01]} Kf6 {[%emt 0:00:01]}
35. Ng3 {[%emt 0:00:04]} Qxe5 {[%emt 0:00:04]} 36. Rf1 {[%emt 0:00:02]} h4 {
[%emt 0:00:03] Chanwxt resigns} 0-1

[Event "Benidorm Satellite preliminary"]
[Site "playchess.com #007036"]
[Date "2009.10.24"]
[Round "6"]
[White "XxHUTIxx"]
[Black "Nitroglycérine"]
[Result "0-1"]
[WhiteElo "1700"]
[BlackElo "1835"]
[PlyCount "74"]
[EventDate "2009.10.24"]
[EventType "swiss (blitz)"]

1. e4 {[%emt 0:00:02]} d6 {[%emt 0:00:00]} 2. d4 {[%emt 0:00:02]} Nf6 {[%emt 0:
00:00]} 3. Nc3 {[%emt 0:00:01]} g6 {[%emt 0:00:00]} 4. Be3 {[%emt 0:00:01]} c6
{[%emt 0:00:03]} 5. f3 {[%emt 0:00:01]} Qb6 {[%emt 0:00:01]} 6. Qd2 {[%emt 0:
00:05]} Qxb2 {[%emt 0:00:02]} 7. Rb1 {[%emt 0:00:01]} Qa3 {[%emt 0:00:00]} 8.
Bc4 {[%emt 0:00:02]} e5 {[%emt 0:00:23]} 9. d5 {[%emt 0:00:01]} Qa5 {[%emt 0:
00:22]} 10. Nge2 {[%emt 0:00:05]} b5 {[%emt 0:00:22]} 11. Bb3 {[%emt 0:00:17]}
c5 {[%emt 0:00:04]} 12. a4 {[%emt 0:00:30]} b4 {[%emt 0:00:04]} 13. Na2 {[%emt
0:00:08]} Qc7 {[%emt 0:00:05]} 14. c3 {[%emt 0:00:03]} c4 {[%emt 0:00:16]} 15.
Bd1 {[%emt 0:00:02]} b3 {[%emt 0:00:02]} 16. Nb4 {[%emt 0:00:04]} a5 {[%emt 0:
00:07]} 17. Nc6 {[%emt 0:00:08]} Nxc6 {[%emt 0:00:01]} 18. dxc6 {[%emt 0:00:01]
} Qxc6 {[%emt 0:00:00]} 19. O-O {[%emt 0:00:01]} Qxa4 {[%emt 0:00:03]} 20. Bg5
{[%emt 0:00:07]} Nd7 {[%emt 0:00:20]} 21. f4 {[%emt 0:00:04]} Qc6 {[%emt 0:00:
16]} 22. fxe5 {[%emt 0:00:31]} dxe5 {[%emt 0:00:00]} 23. Ng3 {[%emt 0:00:18]}
a4 {[%emt 0:00:22]} 24. Bg4 {[%emt 0:00:03]} a3 {[%emt 0:00:32]} 25. Qf2 {
[%emt 0:00:02]} Bc5 {[%emt 0:00:07]} 26. Be3 {[%emt 0:00:04]} Bxe3 {[%emt 0:00:
03]} 27. Qxe3 {[%emt 0:00:01]} a2 {[%emt 0:00:06]} 28. Rbd1 {[%emt 0:00:08]} b2
{[%emt 0:00:05]} 29. Qf3 {[%emt 0:00:15] .} O-O {[%emt 0:00:02]} 30. Bxd7 {
[%emt 0:00:04]} Bxd7 {[%emt 0:00:01]} 31. Nh5 {[%emt 0:00:08]} gxh5 {[%emt 0:
00:07]} 32. Qg3+ {[%emt 0:00:01]} Bg4 {[%emt 0:00:02]} 33. h3 {[%emt 0:00:04]}
a1=Q {[%emt 0:00:01]} 34. hxg4 {[%emt 0:00:01]} Qg6 {[%emt 0:00:07]} 35. Qxe5 {
[%emt 0:00:04]} Qxd1 {[%emt 0:00:04]} 36. Qh8+ {[%emt 0:00:04]} Kxh8 {[%emt 0:
00:01]} 37. Rxd1 {[%emt 0:00:01]} Ra1 {[%emt 0:00:01] XxHUTIxx resigns} 0-1

[Event "Benidorm Satellite preliminary"]
[Site "playchess.com #007036"]
[Date "2009.10.24"]
[Round "6"]
[White "Vasily Mln"]
[Black "MONFMA0214"]
[Result "1-0"]
[WhiteElo "2059"]
[BlackElo "1680"]
[PlyCount "65"]
[EventDate "2009.10.24"]
[EventType "swiss (blitz)"]

1. d4 {[%emt 0:00:02]} Nf6 {[%emt 0:00:02]} 2. c4 {[%emt 0:00:02]} e6 {[%emt 0:
00:00]} 3. a3 {[%emt 0:00:03]} c5 {[%emt 0:00:03]} 4. d5 {[%emt 0:00:02]} b5 {
[%emt 0:00:08]} 5. Nf3 {[%emt 0:00:09]} bxc4 {[%emt 0:00:02]} 6. Nc3 {[%emt 0:
00:01]} Bb7 {[%emt 0:00:10]} 7. e4 {[%emt 0:00:02]} exd5 {[%emt 0:00:05]} 8.
exd5 {[%emt 0:00:00]} d6 {[%emt 0:00:15]} 9. Bxc4 {[%emt 0:00:02]} Nbd7 {[%emt
0:00:05]} 10. O-O {[%emt 0:00:17]} Be7 {[%emt 0:00:01]} 11. Bf4 {[%emt 0:00:14]
} O-O {[%emt 0:00:07]} 12. h3 {[%emt 0:00:06]} Nb6 {[%emt 0:00:05]} 13. b3 {
[%emt 0:00:33]} Nxc4 {[%emt 0:00:12]} 14. bxc4 {[%emt 0:00:00]} Ba6 {[%emt 0:
00:01]} 15. Qa4 {[%emt 0:00:03]} Bc8 {[%emt 0:00:26]} 16. Rab1 {[%emt 0:00:28]}
Bd7 {[%emt 0:00:01]} 17. Qa6 {[%emt 0:00:05]} Ne8 {[%emt 0:00:21]} 18. Rfe1 {
[%emt 0:00:17]} Nc7 {[%emt 0:00:03]} 19. Qa5 {[%emt 0:00:06]} Bf5 {[%emt 0:00:
13]} 20. Rb7 {[%emt 0:00:04]} Rc8 {[%emt 0:00:15]} 21. Rxa7 {[%emt 0:00:29]}
Bf6 {[%emt 0:00:04]} 22. Na4 {[%emt 0:00:16]} Bd3 {[%emt 0:00:39] '} 23. Nb6 {
[%emt 0:00:17]} Rb8 {[%emt 0:00:02]} 24. g4 {[%emt 0:00:05]} Ne8 {[%emt 0:00:
04]} 25. Kg2 {[%emt 0:00:01]} Rxb6 {[%emt 0:00:01]} 26. Ra8 {[%emt 0:00:02]}
Rb8 {[%emt 0:00:01]} 27. Rxb8 {[%emt 0:00:03]} Qxa5 {[%emt 0:00:02]} 28. Rexe8
{[%emt 0:00:00]} g6 {[%emt 0:00:12]} 29. Rxf8+ {[%emt 0:00:01]} Kg7 {[%emt 0:
00:01]} 30. g5 {[%emt 0:00:02]} Bxg5 {[%emt 0:00:09]} 31. Bxg5 {[%emt 0:00:01]}
f5 {[%emt 0:00:05]} 32. Rg8+ {[%emt 0:00:03]} Kf7 {[%emt 0:00:01]} 33. Rbf8# {
[%emt 0:00:01]} 1-0